Bandeiras Azuis - Morte Súbita - Statistics

Estatísticas Gerais
  • Esse quiz foi jogado 115 vezes
  • A pontuação média é 16 de 25
Answers on the Grid
Answers color-coded by a green-red scale on the quiz's grid according to % correct below.
Lesoto
Burundi
Suécia
Brasil
França
Barbados
Granada
Azerbaijão
Armênia
Brunei
Afeganistão
Iemen
Seychelles
Luxemburgo
Malta
Equador
Eritreia
Djibouti
Quenia
Serra Leoa
Senegal
Guiné Bissau
Sudão
Sudão do Sul
Namibia
Jamaica
Suriname
Russia
Mongólia
Coréia do Sul
Coréia do Norte
Chipre
Andorra
Mali
Uganda
Essuatini
Botsuana
Israel
Cazaquistão
Nova Zelandia
 
Estatísticas das Respostas
Resposta % Correto
França
86%
Brasil
85%
Russia
85%
Nova Zelandia
83%
Suécia
82%
Israel
81%
Coréia do Sul
77%
Barbados
76%
Luxemburgo
73%
Coréia do Norte
72%
Cazaquistão
69%
Equador
67%
Botsuana
65%
Seychelles
64%
Andorra
59%
Azerbaijão
59%
Armênia
58%
Mongólia
56%
Lesoto
55%
Serra Leoa
55%
Djibouti
50%
Essuatini
44%
Sudão do Sul
44%
Namibia
41%
Eritreia
37%
Nenhum quiz correspondente encontrado
Distribuição das Pontuações
Porcentagem de Pessoas com Cada Pontuação
Percentil de Números Respondidos
Sua Pontuação Histórica
Você não jogou esse quiz